As três maiores cidades de cada país da América - Statistics

Estatísticas Gerais
  • Esse quiz foi jogado 124 vezes
  • A pontuação média é 33 de 105
Estatísticas das Respostas
# Cidade % Correto
1 São Paulo
95%
2 Rio de Janeiro
93%
1 Buenos Aires
92%
1 Cidade do México
91%
1 Santiago
91%
1 Bogotá
88%
1 Toronto
87%
3 Brasília
86%
2 Quito
86%
3 La Paz
85%
1 Havana
84%
1 Lima
84%
1 Caracas
83%
2 Los Angeles
83%
1 Assunção
81%
1 Montevidéu
81%
1 Cidade do Panamá
80%
3 Chicago
76%
1 Nova York
71%
3 Vancouver
69%
1 | 3 Georgetown
64%
3 Guadalajara
64%
1 Kingston
64%
1 Kingstown
64%
1 Cidade da Guatemala
63%
1 San José
63%
1 Porto Príncipe
62%
2 Montreal
59%
1 Guayaquil
58%
2 Medelín
57%
1 Paramaribo
57%
1 Manágua
56%
2 Córdoba
55%
1 Nassau
50%
3 Rosário
48%
1 Tegucigalpa
46%
3 Cali
43%
1 Santa Cruz de La Sierra
36%
2 Valparaíso
35%
1 Saint John
33%
1 Bridgetown
30%
2 Castries
26%
2 Maracaibo
25%
1 Roseau
25%
1 Belize
22%
2 Ciudad del Este
22%
1 Basseterre
19%
3 Porto da Espanha
17%
2 Arequipa
16%
2 León
14%
2 El Alto
13%
1 São Domingos
13%
3 Valencia
13%
3 Concepción
12%
2 Salto
11%
3 Luque
10%
3 Trujillo
10%
2 Santiago de Cuba
9%
2 Alajuela
6%
3 Cuenca
6%
2 San Miguel
6%
2 Juárez
5%
3 Paysandú
5%
2 San Miguelito
5%
1 São Jorge
5%
2 All Saints
4%
3 Liberta
4%
3 Linden
4%
3 Marigot
4%
3 Orange Walk
4%
3 Santa Ana
4%
2 Santiago de los Caballeros
4%
1 Bisée
3%
2 Carrefour
3%
2 Charlestown
3%
2 Gouyave
3%
3 Grenville
3%
2 Lelydorp
3%
2 New Amsterdam
3%
2 Nova Kingston
3%
3 Oistins
3%
2 Portsmouth
3%
3 Sadlers
3%
2 San Fernando
3%
2 San Pedro Sula
3%
2 São Inácio/ Santa Helena
3%
3 Spanish Town
3%
2 Speightstown
3%
3 Tocumen
3%
3 Vieux Fort
3%
3 Camagüey
2%
3 Cartago
2%
1 Chaguanas
2%
3 Choloma
2%
3 Delmas
2%
2 Freeport
2%
2 Kingstown Park
2%
3 Masaya
2%
2 Mixco
2%
3 Nieuw Nickerie
2%
1 Soyapango
2%
3 Vila Nueva
2%
3 West End
2%
3 São Domingos Norte
1%
Nenhum quiz correspondente encontrado
Distribuição das Pontuações
Porcentagem de Pessoas com Cada Pontuação
Percentil de Números Respondidos
Sua Pontuação Histórica
Você não jogou esse quiz